[Event "Albena BUL, Team Ch 2011 GrA Men"]
[Site "Albena BUL"]
[Date "2011.06.03"]
[Round "2.4"]
[White "Georgiev, Vladimir"]
[Black "Ninov, Nikolai"]
[Result "1/2-1/2"]
[WhiteElo "2574"]
[BlackElo "2513"]
[PlyCount "59"]
[EventDate "2011.06.02"]
[EventType "team"]
[EventRounds "7"]
[EventCountry "BUL"]

1. d4 Nf6 2. c4 e6 3. Nc3 Bb4 4. e3 b6 5. Bd3 Bb7 6. Nf3 c5 7. O-O O-O 8. Na4
cxd4 9. exd4 Re8 10. a3 Bf8 11. Re1 Bxf3 12. Qxf3 Nc6 13. Qd1 Nxd4 14. Bxh7+
Nxh7 15. Qxd4 Rc8 16. Be3 Qc7 17. Rac1 Qc6 18. Nc3 Qxc4 19. Qxd7 Re7 20. Qd2
Ree8 21. Qd7 Re7 22. Qd1 Rec7 23. Ne2 Qb5 24. Rxc7 Rxc7 25. Bd4 Rc8 26. Bc3 Be7
27. a4 Qc4 28. Qd7 Qc7 29. Qb5 Qc4 30. Qd7 1/2-1/2

[Event "Albena BUL, Team Ch 2011 GrA Men"]
[Site "Albena BUL"]
[Date "2011.06.03"]
[Round "2.4"]
[White "Bojkov, Dejan"]
[Black "Genov, Petar"]
[Result "1-0"]
[WhiteElo "2542"]
[BlackElo "2444"]
[PlyCount "47"]
[EventDate "2011.06.02"]
[EventType "team"]
[EventRounds "7"]
[EventCountry "BUL"]

1. e4 c6 2. c4 d5 3. cxd5 cxd5 4. exd5 Nf6 5. Nc3 Nxd5 6. Nf3 Nxc3 7. bxc3 g6
8. d4 Bg7 9. Bd3 O-O 10. O-O Nc6 11. Re1 b6 12. Bg5 Re8 13. Qd2 Bb7 14. Qf4 Rc8
15. Bc4 Rf8 16. Bb3 Rc7 17. Qh4 Re8 18. Bf4 e5 19. Qxd8 Nxd8 20. Nxe5 Rxc3 21.
Nxg6 Re4 22. Ne7+ Kf8 23. Bd6 Ke8 24. Ba4+ 1-0

[Event "Albena BUL, Team Ch 2011 GrA Men"]
[Site "Albena BUL"]
[Date "2011.06.03"]
[Round "2.4"]
[White "Popchev, Milko"]
[Black "Petrov, Marijan"]
[Result "1/2-1/2"]
[WhiteElo "2462"]
[BlackElo "2531"]
[PlyCount "51"]
[EventDate "2011.06.02"]
[EventType "team"]
[EventRounds "7"]
[EventCountry "BUL"]

1. d4 Nf6 2. c3 d5 3. Nf3 c5 4. e3 Nc6 5. Be2 Bf5 6. dxc5 e6 7. b4 Be7 8. Bb2
a5 9. a3 O-O 10. Nbd2 Ne4 11. Nd4 Bg6 12. Nxc6 bxc6 13. Nxe4 Bxe4 14. O-O Qb8
15. Qd2 Rd8 16. Ra2 Bf6 17. Ba1 Ra7 18. Bd3 Qa8 19. Qc2 Bxd3 20. Qxd3 Rb8 21.
Rb1 Rab7 22. Qe2 Ra7 23. Qd3 Rab7 24. Qe2 Ra7 25. Qd3 Rab7 26. Qe2 1/2-1/2

[Event "Albena BUL, Team Ch 2011 GrA Men"]
[Site "Albena BUL"]
[Date "2011.06.04"]
[Round "3.1"]
[White "Nikolov, Momchil"]
[Black "Popov, Ilian"]
[Result "1-0"]
[WhiteElo "2583"]
[BlackElo "2215"]
[PlyCount "41"]
[EventDate "2011.06.02"]
[EventType "team"]
[EventRounds "7"]
[EventCountry "BUL"]

1. e4 c5 2. Nf3 e6 3. d4 cxd4 4. Nxd4 a6 5. c4 Nf6 6. Nc3 Qc7 7. a3 Be7 8. Be2
Nc6 9. Be3 Ne5 10. Rc1 Ng6 11. O-O Nf4 12. Bf3 h5 13. Ndb5 axb5 14. Nxb5 Qe5
15. Bd4 Qb8 16. Bb6 Bd8 17. Nd6+ Ke7 18. Bc5 Ng4 19. Bxg4 hxg4 20. Qxg4 Rh5 21.
Nf5+ 1-0

[Event "Albena BUL, Team Ch 2011 GrA Men"]
[Site "Albena BUL"]
[Date "2011.06.04"]
[Round "3.1"]
[White "Jovchev, Aleksi"]
[Black "Bojkov, Dejan"]
[Result "0-1"]
[WhiteElo "2282"]
[BlackElo "2542"]
[PlyCount "58"]
[EventDate "2011.06.02"]
[EventType "team"]
[EventRounds "7"]
[EventCountry "BUL"]

1. d4 Nf6 2. Nc3 d5 3. Bf4 g6 4. Nf3 Bg7 5. Qc1 Bf5 6. Nh4 Be6 7. Bh6 Bxh6 8.
Qxh6 Qd6 9. Qd2 Nc6 10. g3 O-O-O 11. Bg2 h6 12. Nb5 Qd7 13. f4 Ne4 14. Bxe4
dxe4 15. e3 g5 16. f5 Bxf5 17. Nxf5 Qxf5 18. c4 a6 19. Rf1 Qg4 20. Nc3 Ne5 21.
Qe2 Nf3+ 22. Kd1 f5 23. Kc1 h5 24. c5 c6 25. Nd1 Qh3 26. Rf2 h4 27. Rg2 hxg3
28. hxg3 Qh1 29. b4 Ne1 0-1

[Event "Albena BUL, Team Ch 2011 GrA Men"]
[Site "Albena BUL"]
[Date "2011.06.04"]
[Round "3.1"]
[White "Petrov, Marijan"]
[Black "Gochev, Mladen"]
[Result "1-0"]
[WhiteElo "2531"]
[BlackElo "2284"]
[PlyCount "51"]
[EventDate "2011.06.02"]
[EventType "team"]
[EventRounds "7"]
[EventCountry "BUL"]

1. e4 c5 2. Nf3 Nc6 3. d4 cxd4 4. Nxd4 g6 5. Nc3 Bg7 6. Be3 Nf6 7. Be2 O-O 8.
f4 d6 9. O-O Qb6 10. Qd3 Ng4 11. Bxg4 Bxd4 12. Bxd4 Qxd4+ 13. Qxd4 Nxd4 14. Bd1
f5 15. Nd5 Nc6 16. Bf3 e6 17. Nc7 Rb8 18. exf5 gxf5 19. Rad1 d5 20. Rfe1 Kf7
21. h3 b5 22. Nxd5 Rd8 23. Nc7 Nd4 24. Bh5+ Kf6 25. c3 Nc6 26. Bf3 1-0

[Event "Albena BUL, Team Ch 2011 GrA Men"]
[Site "Albena BUL"]
[Date "2011.06.04"]
[Round "3.1"]
[White "Krastev, Goran"]
[Black "Velchev, Hristo"]
[Result "1/2-1/2"]
[WhiteElo "1967"]
[BlackElo "2322"]
[PlyCount "72"]
[EventDate "2011.06.02"]
[EventType "team"]
[EventRounds "7"]
[EventCountry "BUL"]

1. d4 d5 2. c4 dxc4 3. Nf3 Nf6 4. e3 Bg4 5. Bxc4 e6 6. Nc3 Nbd7 7. h3 Bh5 8. g4
Bg6 9. Nh4 Nb6 10. Bb3 Be4 11. Nxe4 Nxe4 12. Nf3 Bb4+ 13. Kf1 c6 14. Qc2 Nf6
15. Ne5 Nfd7 16. f4 Qe7 17. Kg2 Rc8 18. Bd2 Bxd2 19. Qxd2 c5 20. Rac1 O-O 21.
Nf3 cxd4 22. Qxd4 Nc5 23. Bc2 Rfd8 24. Qb4 Nd5 25. Qa3 b5 26. Rhe1 Qb7 27. Bb1
Qb6 28. b4 Na4 29. Rxc8 Rxc8 30. Qd3 g6 31. f5 Rc3 32. Qe4 Rxe3 33. Rxe3 Qxe3
34. fxe6 Nf4+ 35. Kg3 Ne2+ 36. Kg2 Nf4+ 1/2-1/2

[Event "Albena BUL, Team Ch 2011 GrA Men"]
[Site "Albena BUL"]
[Date "2011.06.04"]
[Round "3.2"]
[White "Janev, Evgeni"]
[Black "Berbatov, Kiprian"]
[Result "1-0"]
[WhiteElo "2500"]
[BlackElo "2490"]
[PlyCount "185"]
[EventDate "2011.06.02"]
[EventType "team"]
[EventRounds "7"]
[EventCountry "BUL"]

1. e4 c5 2. c3 d5 3. exd5 Qxd5 4. Nf3 Nf6 5. Na3 Nc6 6. Be2 Bf5 7. O-O Bd3 8.
Bxd3 Qxd3 9. Qb3 Rb8 10. Nc4 Nd7 11. a4 g6 12. Re1 Bg7 13. a5 O-O 14. Qa4 Rfe8
15. Re3 Qd5 16. d3 Nce5 17. Ncxe5 Nxe5 18. Nxe5 Bxe5 19. Bd2 Bg7 20. Rae1 e6
21. Rh3 h5 22. Rf3 Re7 23. h4 Rd7 24. Bg5 Rc8 25. Re4 Qc6 26. Qc4 b5 27. axb6
axb6 28. Re1 b5 29. Qf4 Qc7 30. Qe3 b4 31. Bf6 bxc3 32. Bxg7 Kxg7 33. bxc3 Rcd8
34. Qe4 Rd5 35. Qc4 Qd6 36. Ree3 Rd7 37. g3 Re5 38. Qa2 Rxe3 39. Rxe3 Qd5 40.
Qa1 Qf5 41. Qf1 Rd5 42. Qe2 Qf6 43. c4 Qa1+ 44. Kg2 Rd7 45. Rf3 Qd4 46. Qc2 Qe5
47. Qa4 Qd4 48. Re3 Qd6 49. Rf3 Qd4 50. Qa3 Qe5 51. Re3 Qd4 52. Qa8 Rd8 53. Qa7
Rd7 54. Qb8 Qd6 55. Qb5 Qd4 56. Rf3 Qd6 57. Rf4 Kg8 58. Rf3 Kg7 59. Rf4 Kg8 60.
Kh2 Kg7 61. Qb2+ Kg8 62. Qa3 Kg7 63. Rf3 Qd4 64. Rf4 Qe5 65. Re4 Qd6 66. Qa1+
Kg8 67. Re3 Qd4 68. Qxd4 Rxd4 69. Kg2 Kf8 70. Kf3 Ke7 71. Ke2 Rd7 72. Kd2 Ra7
73. Re1 Kd6 74. Rb1 Kc6 75. Rb8 Rd7 76. Ke3 Kc7 77. Ra8 Kc6 78. f3 Kb7 79. Ra3
Rd8 80. Kf4 f6 81. Ke3 Rg8 82. d4 cxd4+ 83. Kxd4 g5 84. Kc5 gxh4 85. gxh4 Rc8+
86. Kb5 Rb8 87. Ra6 Kc7+ 88. Kc5 Rb3 89. Rxe6 Rxf3 90. Re7+ Kb8 91. Rh7 Rf5+
92. Kb6 Kc8 93. c5 1-0

[Event "Albena BUL, Team Ch 2011 GrA Men"]
[Site "Albena BUL"]
[Date "2011.06.04"]
[Round "3.2"]
[White "Genov, Petar"]
[Black "Kozhuharov, Spas"]
[Result "1/2-1/2"]
[WhiteElo "2444"]
[BlackElo "2436"]
[PlyCount "76"]
[EventDate "2011.06.02"]
[EventType "team"]
[EventRounds "7"]
[EventCountry "BUL"]

1. d4 d5 2. c4 c6 3. cxd5 cxd5 4. Nc3 Nc6 5. Nf3 Nf6 6. Bf4 Bf5 7. e3 e6 8. Bd3
Bxd3 9. Qxd3 Bd6 10. Bxd6 Qxd6 11. O-O O-O 12. Rac1 Rfc8 13. a3 a6 14. Na4 Nd7
15. Nc5 Nxc5 16. Rxc5 h6 17. Rfc1 Ne7 18. Rxc8+ Rxc8 19. Rxc8+ Nxc8 20. Qc3 Ne7
21. Kf1 Qc6 22. Qxc6 Nxc6 23. Ke2 Kf8 24. Kd3 Ke7 25. Nd2 Kd6 26. f4 f5 27. g3
g5 28. Nf3 g4 29. Ne5 Nxe5+ 30. fxe5+ Kc6 31. Kc3 b5 32. b4 h5 33. Kd3 Kb6 34.
Ke2 a5 35. Kf2 axb4 36. axb4 Kc6 37. Kg2 Kd7 38. h3 Ke7 1/2-1/2

[Event "Albena BUL, Team Ch 2011 GrA Men"]
[Site "Albena BUL"]
[Date "2011.06.04"]
[Round "3.2"]
[White "Arnaudov, G  Petar"]
[Black "Ivanov, Jordan"]
[Result "1/2-1/2"]
[WhiteElo "2449"]
[BlackElo "2433"]
[PlyCount "60"]
[EventDate "2011.06.02"]
[EventType "team"]
[EventRounds "7"]
[EventCountry "BUL"]

1. d4 Nf6 2. c4 g6 3. Nc3 Bg7 4. e4 d6 5. h3 O-O 6. Bg5 c5 7. d5 b5 8. cxb5 a6
9. a4 Qa5 10. Bd2 Qb4 11. Qc2 axb5 12. Bxb5 Ba6 13. Rb1 Bxb5 14. axb5 Ne8 15.
Nf3 Nc7 16. O-O Nxb5 17. Nxb5 Qxb5 18. b4 Nd7 19. Rfc1 Qa4 20. Bc3 Qxc2 21.
Rxc2 Bxc3 22. Rxc3 Rfb8 23. Rcb3 Rxb4 24. Rxb4 cxb4 25. Rxb4 Nc5 26. Kf1 Kg7
27. Ke2 Ra2+ 28. Ke3 Ra3+ 29. Ke2 Ra2+ 30. Ke3 Ra3+ 1/2-1/2

[Event "Albena BUL, Team Ch 2011 GrA Men"]
[Site "Albena BUL"]
[Date "2011.06.04"]
[Round "3.2"]
[White "Popchev, Milko"]
[Black "Panbukchian, Valentin"]
[Result "1/2-1/2"]
[WhiteElo "2462"]
[BlackElo "2385"]
[PlyCount "65"]
[EventDate "2011.06.02"]
[EventType "team"]
[EventRounds "7"]
[EventCountry "BUL"]

1. e4 e5 2. Nf3 Nf6 3. Nxe5 d6 4. Nf3 Nxe4 5. Qe2 Qe7 6. d3 Nf6 7. Bg5 Qxe2+ 8.
Bxe2 Be7 9. Nc3 h6 10. Bh4 Bf5 11. h3 Nc6 12. O-O-O O-O-O 13. g4 Be6 14. Bg3
Rde8 15. Rde1 a6 16. a3 Nd5 17. Nxd5 Bxd5 18. Rhg1 Bf6 19. Bd1 b5 20. Bf4 g5
21. Bd2 Kd7 22. Rxe8 Rxe8 23. Re1 Rxe1 24. Nxe1 Ne5 25. f4 Ng6 26. fxg5 hxg5
27. Bf3 Be6 28. c3 c6 29. d4 Nh4 30. Be4 Bc4 31. Ng2 Nxg2 32. Bxg2 c5 33. Be3
1/2-1/2

[Event "Albena BUL, Team Ch 2011 GrA Men"]
[Site "Albena BUL"]
[Date "2011.06.04"]
[Round "3.3"]
[White "Dimitrov, Radoslav"]
[Black "Mladenov, Plamen"]
[Result "1/2-1/2"]
[WhiteElo "2410"]
[BlackElo "2376"]
[PlyCount "144"]
[EventDate "2011.06.02"]
[EventType "team"]
[EventRounds "7"]
[EventCountry "BUL"]

1. d4 d5 2. c4 e6 3. Nc3 Nf6 4. Nf3 c6 5. Bg5 Nbd7 6. e3 Qa5 7. Nd2 Bb4 8. Qc2
O-O 9. c5 e5 10. Nb3 Qc7 11. a3 Bxc3+ 12. bxc3 b6 13. Bd3 h6 14. Bxf6 Nxf6 15.
O-O Nd7 16. c4 bxc5 17. cxd5 cxd5 18. Nxc5 Nxc5 19. Qxc5 Qxc5 20. dxc5 Bd7 21.
Rab1 Rfc8 22. Rb7 Bc6 23. Rb4 Rc7 24. Rc1 Kf8 25. f4 f6 26. fxe5 fxe5 27. Rf1+
Ke7 28. Rg4 g5 29. Rb4 Bd7 30. h4 Rac8 31. hxg5 hxg5 32. Ba6 Rh8 33. Rc1 Rh6
34. Bb7 Bc6 35. Rcb1 Bxb7 36. Rxb7 Rhc6 37. R1b5 Ke6 38. Rxc7 Rxc7 39. Kf2 Kf5
40. Ra5 Ke4 41. Ke2 g4 42. Ra4+ d4 43. exd4 exd4 44. Rc4 Rc6 45. Kd2 a6 46. Ke2
Re6 47. Rc1 Kd5+ 48. Kd3 Re3+ 49. Kd2 Kc6 50. a4 a5 51. Rc4 Rg3 52. Rxd4 Kxc5
53. Rf4 Rxg2+ 54. Kc3 Rg3+ 55. Kc2 Rg1 56. Kc3 g3 57. Rf5+ Kc6 58. Rg5 Kb6 59.
Kb2 Rg2+ 60. Kb3 Rg1 61. Kb2 g2 62. Ka2 Kc6 63. Kb2 Kd6 64. Ka2 Ke6 65. Kb2 Kf6
66. Rg8 Kf5 67. Rf8+ Ke4 68. Re8+ Kd3 69. Rd8+ Kc4 70. Rg8 Re1 71. Rg4+ Kc5 72.
Rxg2 Re4 1/2-1/2

[Event "Albena BUL, Team Ch 2011 GrA Men"]
[Site "Albena BUL"]
[Date "2011.06.04"]
[Round "3.3"]
[White "Badev, Kiril"]
[Black "Georgiev, Krum"]
[Result "1/2-1/2"]
[WhiteElo "2307"]
[BlackElo "2423"]
[PlyCount "60"]
[EventDate "2011.06.02"]
[EventType "team"]
[EventRounds "7"]
[EventCountry "BUL"]

1. e4 c5 2. Nf3 d6 3. d4 cxd4 4. Nxd4 Nf6 5. Nc3 Bd7 6. Bg5 e6 7. Ndb5 Bxb5 8.
Bxb5+ Nbd7 9. O-O h6 10. Bxf6 Qxf6 11. e5 Qxe5 12. Bxd7+ Kxd7 13. Qf3 d5 14.
Qxf7+ Be7 15. Nxd5 exd5 16. Rad1 Qf6 17. Qxd5+ Kc7 18. Qd7+ Kb8 19. Rfe1 Rd8
20. Rxe7 Rxd7 21. Rdxd7 a5 22. Rxb7+ Kc8 23. Rbc7+ Kd8 24. Rcd7+ Kc8 25. Rc7+
Kd8 26. Rcd7+ Kc8 27. Rc7+ Kd8 28. Rcd7+ Kc8 29. Rc7+ Kd8 30. Rcd7+ Kc8 1/2-1/2

[Event "Albena BUL, Team Ch 2011 GrA Men"]
[Site "Albena BUL"]
[Date "2011.06.04"]
[Round "3.3"]
[White "Lazarov, Rosen"]
[Black "Mishev, Liubomir"]
[Result "1/2-1/2"]
[WhiteElo "2233"]
[BlackElo "2210"]
[PlyCount "71"]
[EventDate "2011.06.02"]
[EventType "team"]
[EventRounds "7"]
[EventCountry "BUL"]

1. e4 c5 2. Nf3 e6 3. d3 Nc6 4. Nbd2 g6 5. g3 Bg7 6. Bg2 Nge7 7. O-O O-O 8. c3
d6 9. Nb3 b6 10. d4 cxd4 11. Nbxd4 Ba6 12. Re1 Ne5 13. Nxe5 dxe5 14. Nf3 Qc8
15. Qa4 Rd8 16. Be3 Bd3 17. Nd2 Qb7 18. Bf1 b5 19. Qb3 Nc6 20. Bxd3 Rxd3 21. a4
b4 22. Qc4 Rdd8 23. a5 Rac8 24. a6 Qb8 25. Qe2 bxc3 26. bxc3 Qb2 27. Rab1 Qxc3
28. Rb7 Qc2 29. Qf3 f5 30. Nb3 Qc4 31. Rc1 Qxa6 32. Nc5 Qa2 33. Nb3 Qa6 34. Nc5
Qa2 35. Nb3 Qa6 36. Nc5 1/2-1/2

[Event "Albena BUL, Team Ch 2011 GrA Men"]
[Site "Albena BUL"]
[Date "2011.06.04"]
[Round "3.3"]
[White "Milchev, Nikolay"]
[Black "Shukin, Emil"]
[Result "1-0"]
[WhiteElo "2371"]
[BlackElo "2236"]
[PlyCount "91"]
[EventDate "2011.06.02"]
[EventType "team"]
[EventRounds "7"]
[EventCountry "BUL"]

1. c4 e6 2. g3 d5 3. Bg2 Nf6 4. Nf3 dxc4 5. Qa4+ Nbd7 6. Qxc4 a6 7. Qb3 Rb8 8.
a4 c5 9. Na3 b5 10. axb5 axb5 11. d3 Nd5 12. O-O Be7 13. Nc2 O-O 14. e4 N5f6
15. Bf4 Rb7 16. Ne5 Qb6 17. Ra8 Nxe5 18. Bxe5 Bd7 19. Rxf8+ Kxf8 20. Ne3 Bc6
21. g4 h6 22. Bg3 Rd7 23. Nc4 Qb7 24. Ne5 Rd4 25. h3 Kg8 26. Nxc6 Qxc6 27. Be5
Rd8 28. Re1 Nd7 29. Bg3 Nb6 30. Ra1 Na4 31. Qc2 Qd7 32. b3 Nb6 33. Ra6 Nc8 34.
Bf1 Qb7 35. Qa2 Kh7 36. Ra8 Qd7 37. Qa6 Nd6 38. Rxd8 Qxd8 39. e5 Qc8 40. Qa5
Bd8 41. Qa7 Qb7 42. Qxc5 Nc8 43. d4 b4 44. Bg2 Qd7 45. Bc6 Qe7 46. Be4+ 1-0

[Event "Albena BUL, Team Ch 2011 GrA Men"]
[Site "Albena BUL"]
[Date "2011.06.04"]
[Round "3.4"]
[White "Enchev, Ivajlo"]
[Black "Chatalbashev, Boris"]
[Result "0-1"]
[WhiteElo "2435"]
[BlackElo "2591"]
[PlyCount "50"]
[EventDate "2011.06.02"]
[EventType "team"]
[EventRounds "7"]
[EventCountry "BUL"]

1. d4 g6 2. c4 c5 3. d5 Bg7 4. e4 d6 5. Nc3 e6 6. f3 exd5 7. cxd5 Ne7 8. Bg5 h6
9. Be3 a6 10. a4 f5 11. Qd2 g5 12. Nge2 O-O 13. h4 f4 14. Bf2 Nd7 15. hxg5 hxg5
16. Nc1 Ne5 17. Be2 N7g6 18. Rb1 g4 19. b4 g3 20. Bg1 c4 21. b5 Kf7 22. bxa6
Rxa6 23. Rb4 Rh8 24. Rxh8 Qxh8 25. Bxc4 Nxf3+ 0-1

[Event "Albena BUL, Team Ch 2011 GrA Men"]
[Site "Albena BUL"]
[Date "2011.06.04"]
[Round "3.4"]
[White "Mrdja, Milan"]
[Black "Stefanov, Krasimir"]
[Result "1-0"]
[WhiteElo "2385"]
[BlackElo "2397"]
[PlyCount "82"]
[EventDate "2011.06.02"]
[EventType "team"]
[EventRounds "7"]
[EventCountry "BUL"]

1. e4 c6 2. d4 d5 3. f3 g6 4. Nc3 Bg7 5. Be3 dxe4 6. fxe4 Qb6 7. Na4 Qa5+ 8. c3
Nd7 9. Nf3 e5 10. dxe5 Nxe5 11. Nc5 Qc7 12. Nxe5 Bxe5 13. Qf3 Nf6 14. h3 O-O
15. O-O-O Nh5 16. Bc4 b6 17. Nd3 Be6 18. Bxe6 fxe6 19. Qg4 Rae8 20. Rhf1 Nf6
21. Qf3 Nd5 22. Qe2 Nxe3 23. Qxe3 Bg7 24. Kb1 Rxf1 25. Rxf1 Qe7 26. Qe2 Qg5 27.
Ne1 b5 28. Nf3 Qc5 29. Rd1 Bf6 30. Rd7 Rd8 31. Qd2 Re8 32. e5 Bg7 33. Qd4 Qxd4
34. cxd4 Rc8 35. Ng5 Bh6 36. Nxe6 Re8 37. Nc5 a5 38. Ne4 Bg7 39. Kc2 Kf8 40.
Kd3 a4 41. Rc7 Kg8 1-0

[Event "Albena BUL, Team Ch 2011 GrA Men"]
[Site "Albena BUL"]
[Date "2011.06.04"]
[Round "3.4"]
[White "Shishkov, Minko"]
[Black "Marholev, Dimitar"]
[Result "1/2-1/2"]
[WhiteElo "2286"]
[BlackElo "2369"]
[PlyCount "60"]
[EventDate "2011.06.02"]
[EventType "team"]
[EventRounds "7"]
[EventCountry "BUL"]

1. d4 Nf6 2. c4 g6 3. Nc3 Bg7 4. e4 d6 5. h3 O-O 6. Bg5 c5 7. d5 Qb6 8. Qd2 e6
9. Bd3 exd5 10. exd5 Re8+ 11. Nge2 Nbd7 12. f4 a6 13. O-O Qc7 14. a4 h6 15. Bh4
Nh7 16. Rae1 Ndf6 17. Bf2 Bd7 18. Ng3 Rxe1 19. Rxe1 Re8 20. Re2 Rxe2 21. Qxe2
Qa5 22. Qc2 Ne8 23. Nge2 Nc7 24. Be1 Ne8 25. Kf1 Qd8 26. Bf2 Qa5 27. Be1 Qd8
28. Bf2 Qa5 29. Be1 Qd8 30. Bf2 Qa5 1/2-1/2

[Event "Albena BUL, Team Ch 2011 GrA Men"]
[Site "Albena BUL"]
[Date "2011.06.05"]
[Round "4.1"]
[White "Nikolov, Sasho"]
[Black "Rusev, Krasimir"]
[Result "1/2-1/2"]
[WhiteElo "2418"]
[BlackElo "2530"]
[PlyCount "93"]
[EventDate "2011.06.02"]
[EventType "team"]
[EventRounds "7"]
[EventCountry "BUL"]

1. e4 e6 2. d4 d5 3. Nc3 Nc6 4. Nf3 Nf6 5. exd5 exd5 6. Bb5 Be7 7. Ne5 Bd7 8.
O-O O-O 9. Bxc6 Bxc6 10. Bg5 Nd7 11. Nxc6 bxc6 12. Bf4 Bd6 13. Qd2 Qb8 14. b3
Re8 15. Rfe1 Qb4 16. Bg3 Nf8 17. Kf1 Qa5 18. Qd3 Rxe1+ 19. Rxe1 Ne6 20. Na4 Qb5
21. Qxb5 cxb5 22. Nc3 Bxg3 23. hxg3 c6 24. Ne2 a5 25. c3 a4 26. b4 Kf8 27. g4
Re8 28. f3 Nd8 29. Kf2 h6 30. Rh1 Nb7 31. Ng3 Nd6 32. Rh5 Re6 33. Re5 Nc4 34.
Rxe6 fxe6 35. Ke2 Kf7 36. Nh5 g5 37. Ng3 Kf6 38. Nh1 Nd6 39. Nf2 Nc8 40. Nd3
Ne7 41. Ne5 Kg7 42. g3 Kf6 43. Ke3 Kg7 44. f4 Kf6 45. Kf3 Kg7 46. Ke3 Kf6 47.
Kf3 1/2-1/2

[Event "Albena BUL, Team Ch 2011 GrA Men"]
[Site "Albena BUL"]
[Date "2011.06.05"]
[Round "4.1"]
[White "Bojchev, Marian"]
[Black "Filev, Georgi"]
[Result "1/2-1/2"]
[WhiteElo "2392"]
[BlackElo "2361"]
[PlyCount "63"]
[EventDate "2011.06.02"]
[EventType "team"]
[EventRounds "7"]
[EventCountry "BUL"]

1. d4 d5 2. c4 c6 3. cxd5 cxd5 4. Nc3 Nf6 5. Bf4 Nc6 6. Nf3 Bf5 7. e3 e6 8. Bd3
Bxd3 9. Qxd3 Bd6 10. Bxd6 Qxd6 11. O-O O-O 12. Rac1 Rac8 13. a3 a6 14. Rc2 h6
15. Rfc1 b5 16. b4 Ne7 17. Ne2 Rxc2 18. Rxc2 Rc8 19. h3 Ne4 20. Nd2 Nxd2 21.
Qxd2 Rxc2 22. Qxc2 Qc6 23. Qxc6 Nxc6 24. Kf1 Kf8 25. Ke1 Ke7 26. Kd2 Kd6 27.
Kc3 g6 28. g3 h5 29. h4 Ne7 30. Kb3 Kc6 31. a4 Kb6 32. a5+ 1/2-1/2

[Event "Albena BUL, Team Ch 2011 GrA Men"]
[Site "Albena BUL"]
[Date "2011.06.05"]
[Round "4.1"]
[White "Shishkov, Minko"]
[Black "Gochev, Mladen"]
[Result "1/2-1/2"]
[WhiteElo "2286"]
[BlackElo "2284"]
[PlyCount "118"]
[EventDate "2011.06.02"]
[EventType "team"]
[EventRounds "7"]
[EventCountry "BUL"]

1. d4 Nf6 2. c4 c5 3. d5 g6 4. Nc3 Bg7 5. e4 d6 6. h3 O-O 7. Nf3 Na6 8. Bd3 Nc7
9. O-O e6 10. Bg5 e5 11. Nd2 Bd7 12. a3 a5 13. a4 Na6 14. Nb5 Nb4 15. Bb1 Qb6
16. g4 Rae8 17. Ra3 Kh8 18. Rg3 Ng8 19. Qf3 f6 20. Be3 Bh6 21. h4 Bxe3 22. Qxe3
Kg7 23. f4 h6 24. f5 g5 25. Rh3 gxh4 26. Rxh4 Kf7 27. Kf2 Re7 28. Rc1 Ke8 29.
Nb3 Rg7 30. Kf3 Kd8 31. Rhh1 Kc8 32. Bd3 Be8 33. Be2 Kb8 34. Kf2 Qd8 35. Nxc5
dxc5 36. Qxc5 Bxb5 37. Qxb5 Ka7 38. c5 b6 39. Rc4 bxc5 40. Rxc5 Rb7 41. Qxa5+
Qxa5 42. Rxa5+ Kb8 43. Rc1 Rc8 44. Ra8+ Kxa8 45. Rxc8+ Rb8 46. Rc7 Rb7 47. Rc8+
Rb8 48. Rc7 Rb7 49. Rc8+ Rb8 50. Rxb8+ Kxb8 51. Kg3 Ne7 52. Bc4 Nc8 53. Be2 Nd6
54. Bf3 Nd3 55. Kh4 Nf4 56. b4 Ka7 57. Kg3 Nd3 58. Kh4 Nf4 59. Kg3 Nd3 1/2-1/2

[Event "Albena BUL, Team Ch 2011 GrA Men"]
[Site "Albena BUL"]
[Date "2011.06.05"]
[Round "4.2"]
[White "Mladenov, Plamen"]
[Black "Spasov, Vasil"]
[Result "1/2-1/2"]
[WhiteElo "2376"]
[BlackElo "2594"]
[PlyCount "95"]
[EventDate "2011.06.02"]
[EventType "team"]
[EventRounds "7"]
[EventCountry "BUL"]

1. Nf3 Nf6 2. d4 g6 3. c4 Bg7 4. Nc3 d6 5. g3 O-O 6. Bg2 Nbd7 7. O-O e5 8. e3
Re8 9. a4 a5 10. b3 exd4 11. exd4 Nb8 12. Ra2 Nc6 13. Re2 Rxe2 14. Nxe2 Bf5 15.
d5 Nb4 16. Nfd4 Be4 17. Bd2 Bxg2 18. Kxg2 Ne4 19. Bxb4 axb4 20. Nc2 Nc3 21. Qd3
Nxe2 22. Qxe2 Bc3 23. Rd1 Qd7 24. Rd3 Re8 25. Re3 Rxe3 26. Nxe3 Qe7 27. Qg4 h5
28. Qf4 Kg7 29. h3 Kf8 30. Kf1 Be5 31. Qf3 Bd4 32. Ke2 Bxe3 33. Qxe3 Qf6 34. h4
Qb2+ 35. Kf3 b6 36. Qh6+ Kg8 37. Qe3 Kg7 38. Qd3 Kg8 39. Qe3 Qc2 40. Qe8+ Kg7
41. Qe3 Qd1+ 42. Kg2 Kf8 43. Qh6+ Ke8 44. Qe3+ Kd8 45. Qf3 Qc2 46. Qxf7 Qxb3
47. Qg8+ Kd7 48. Qe6+ 1/2-1/2

[Event "Albena BUL, Team Ch 2011 GrA Men"]
[Site "Albena BUL"]
[Date "2011.06.05"]
[Round "4.2"]
[White "Georgiev, Krum"]
[Black "Petkov, Vladimir"]
[Result "1/2-1/2"]
[WhiteElo "2423"]
[BlackElo "2517"]
[PlyCount "61"]
[EventDate "2011.06.02"]
[EventType "team"]
[EventRounds "7"]
[EventCountry "BUL"]

1. e4 e5 2. Nf3 Nc6 3. d3 Bc5 4. c3 d6 5. Be2 Nf6 6. O-O O-O 7. Bg5 Bb6 8. Nbd2
Ne7 9. Nc4 Ng6 10. Nfd2 h6 11. Bxf6 Qxf6 12. Nxb6 axb6 13. g3 Be6 14. Bg4 Bxg4
15. Qxg4 Qe6 16. Qxe6 fxe6 17. a3 Rf7 18. f3 Kf8 19. Kf2 Ke7 20. Ke2 Kd7 21.
Rf2 Raf8 22. Rg1 Ke7 23. Nf1 Kd7 24. Ne3 Ke7 25. Rgf1 Kd7 26. h4 Rf6 27. Ng4
R6f7 28. Ne3 Rf6 29. Ng4 R6f7 30. Ne3 Rf6 31. Ng4 1/2-1/2

[Event "Albena BUL, Team Ch 2011 GrA Men"]
[Site "Albena BUL"]
[Date "2011.06.05"]
[Round "4.2"]
[White "Drenchev, Petar"]
[Black "Lazarov, Rosen"]
[Result "1-0"]
[WhiteElo "2519"]
[BlackElo "2233"]
[PlyCount "59"]
[EventDate "2011.06.02"]
[EventType "team"]
[EventRounds "7"]
[EventCountry "BUL"]

1. c4 d6 2. Nc3 g6 3. d4 Bg7 4. Nf3 Nc6 5. d5 Nb8 6. e4 e5 7. h3 f5 8. Bd3 Nf6
9. Be3 O-O 10. b4 a5 11. a3 axb4 12. axb4 Rxa1 13. Qxa1 b6 14. O-O fxe4 15.
Nxe4 Nxe4 16. Bxe4 Nd7 17. Ng5 Nf6 18. Bc2 Nh5 19. Ne6 Bxe6 20. dxe6 Qe7 21.
Be4 Nf4 22. Qa7 Ne2+ 23. Kh2 Nd4 24. Bd5 Re8 25. b5 Bf6 26. Qb7 Kh8 27. Ra1 Qg7
28. Ra8 Bd8 29. Bg5 Qf8 30. Rxd8 1-0

[Event "Albena BUL, Team Ch 2011 GrA Men"]
[Site "Albena BUL"]
[Date "2011.06.05"]
[Round "4.3"]
[White "Dimitrov, Radoslav"]
[Black "Ninov, Nikolai"]
[Result "1/2-1/2"]
[WhiteElo "2410"]
[BlackElo "2513"]
[PlyCount "60"]
[EventDate "2011.06.02"]
[EventType "team"]
[EventRounds "7"]
[EventCountry "BUL"]

1. Nf3 c5 2. b3 Nf6 3. Bb2 e6 4. e3 Be7 5. Be2 O-O 6. O-O b6 7. c4 Bb7 8. Nc3
d5 9. cxd5 Nxd5 10. Nxd5 Qxd5 11. d4 Nd7 12. dxc5 Nxc5 13. Qxd5 Bxd5 14. Rfd1
Rfd8 15. Ne5 f6 16. Nd3 Nxd3 17. Bxd3 Rac8 18. e4 Bb7 19. Bc4 Kf7 20. f3 Rxd1+
21. Rxd1 Rd8 22. Rxd8 Bxd8 23. Kf2 Bc7 24. g3 Ke7 25. Ke3 Bd6 26. f4 Bc5+ 27.
Bd4 e5 28. Bxc5+ bxc5 29. fxe5 fxe5 30. a3 h6 1/2-1/2

[Event "Albena BUL, Team Ch 2011 GrA Men"]
[Site "Albena BUL"]
[Date "2011.06.05"]
[Round "4.3"]
[White "Berbatov, Kiprian"]
[Black "Kukov, Velislav"]
[Result "1/2-1/2"]
[WhiteElo "2490"]
[BlackElo "2365"]
[PlyCount "64"]
[EventDate "2011.06.02"]
[EventType "team"]
[EventRounds "7"]
[EventCountry "BUL"]

1. e4 e5 2. Nf3 Nc6 3. Bb5 Nf6 4. d3 Bd6 5. c3 O-O 6. Nbd2 a6 7. Ba4 b5 8. Bc2
Bc5 9. O-O d5 10. d4 exd4 11. e5 d3 12. Bxd3 Ng4 13. Nb3 Bb6 14. Bf4 f6 15.
exf6 Nxf6 16. Qc1 Ne4 17. Be3 Bg4 18. Bxb6 Bxf3 19. gxf3 Ne5 20. fxe4 Nxd3 21.
Qe3 Nf4 22. Kh1 cxb6 23. e5 Qg5 24. Rg1 Qf5 25. Rg3 Qe4+ 26. Qxe4 dxe4 27. Nd2
Rae8 28. Nxe4 Rxe5 29. Re1 Rd5 30. Rge3 Nd3 31. R1e2 Nf4 32. Re1 Nd3 1/2-1/2